Việt Nam phong tục

সংরক্ষণ করুন:
গ্রন্থ-পঞ্জীর বিবরন
প্রধান লেখক: Phan Kế Bính
বিন্যাস: গ্রন্থ
ভাষা:Vietnamese
প্রকাশিত: Văn hoá thông tin 2001
ট্যাগগুলো: ট্যাগ যুক্ত করুন
কোনো ট্যাগ নেই, প্রথমজন হিসাবে ট্যাগ করুন!
Thư viện lưu trữ: Mạng thư viện Đại học Đà Nẵng
LEADER 00618nam a2200253 4500
001 000020772
003 17219
005 20150326150318.0
008 150326s2001 viesd
020 |c 43000 
041 0 |a vie 
082 1 4 |a 390.09597  |b PH-B 
100 1 |a Phan Kế Bính 
245 1 0 |a Việt Nam phong tục  |c Phan Kế Bính 
260 |b Văn hoá thông tin  |c 2001 
300 |a tr.  |c cm. 
OWN |a LSP 
999 |a From the UDN01 
TYP |a Monograph 
TYP |a Printed language 
980 |a Mạng thư viện Đại học Đà Nẵng